|
|
|
|
| LEADER |
00000nab a2200000 a 4500 |
| 001 |
vtls008297144 |
| 003 |
SK-MaSNL |
| 005 |
20260304140037.0 |
| 008 |
250505c2005 xo wr|p|||n |000 b|slo |
| 015 |
|
|
|a SNBRB2005/09
|2 snkbucl
|
| 035 |
|
|
|a (uuid)8258b6bc-1bec-4dec-ae64-0c9bfbab6889
|
| 035 |
|
|
|a urn:nbn:sk:snk-abvf8
|
| 035 |
|
|
|a (urnnbn)urn:nbn:sk:snk:ar-a052qu
|
| 038 |
|
|
|a SNKBUCL
|
| 040 |
|
|
|a SNKBUCL
|b slo
|c SNKBUCL
|e AACR2
|
| 041 |
0 |
|
|a slo
|
| 044 |
|
|
|a xo
|c SK
|
| 080 |
|
|
|a 51:061.3
|2 1981
|
| 100 |
1 |
|
|a Ladzianska, Zuzana
|4 aut
|9 45197
|
| 245 |
1 |
0 |
|a 36. konferencia slovenských matematikov v Jasnej pod Chopkom 25.11.-28.11.2004
|c Zuzana Ladzianska
|
| 611 |
2 |
7 |
|a Konferencia slovenských matematikov
|n (36. :
|d 2004 :
|c Jasná pod Chopkom, Slovensko)
|2 snkbucl
|9 91100
|
| 650 |
0 |
7 |
|a matematika
|2 snkbucl
|9 70174
|
| 650 |
0 |
7 |
|a konferencie
|2 snkbucl
|9 19221
|
| 773 |
0 |
|
|t Obzory matematiky, fyziky a informatiky
|g Roč. 34, č. 2 (2005), s. 64-69
|x 1335-4981
|
| 850 |
|
|
|a Slovenská národná knižnica
|
| 852 |
|
|
|a Slovenská národná knižnica
|
| 954 |
|
|
|a odborná, vedecká literatúra pôvodná (slovenská)
|2 lita
|
| 958 |
|
|
|a article27
|
| 958 |
|
|
|a OND
|
| 958 |
|
|
|a EUIPO
|
| 999 |
|
|
|c 2913293
|d 2915223
|